000
00258nam a2200109Ia 4500
008
200302s9999 xx 000 0 und d
100
_a
Mercedes Daguerre
245
_a
Latin American Houses
260
_b
Phaidon Press Ltd.
260
_c
2012
300
_a
237 P.,
999
_c
3106
_d
3106